| 000 | 00354nam a22001577a 4500 | ||
|---|---|---|---|
| 020 | _a81-8204-012-4 | ||
| 082 |
_a658.3 _bSIN |
||
| 100 | _aSINGH, D.K | ||
| 245 | _aFINANCIAL MANAGEMENT IN HOTEL | ||
| 250 | _a1ST | ||
| 260 |
_aDELHI _bAMAN _c2010 |
||
| 300 | _a294 | ||
| 650 | _aFINANCIAL MANAGEMENT | ||
| 653 | _aFINANCE, MANAGEMENT | ||
| 942 |
_2ddc _cBK |
||
| 999 |
_c8036 _d8036 |
||